Fluid Mechanics (Volume-6) (Course of Theoretical Physics S)
| Autore principale: | |
|---|---|
| Natura: | Sconosciuto |
| Pubblicazione: |
Butterworth Heinemann
|
| Edizione: | 2nd ed. |
| LEADER | 00269 a2200097 4500 | ||
|---|---|---|---|
| 020 | |a 9788181477910 | ||
| 100 | |a L. D. Landau, E. M. Lifshitz | ||
| 245 | |a Fluid Mechanics (Volume-6) (Course of Theoretical Physics S) | ||
| 250 | |a 2nd ed. | ||
| 260 | |b Butterworth Heinemann | ||
| 999 | |c 43179 |d 43179 | ||